Statistics for 中国县级民族区域自治地区(困难模式)Autonomous Counties in China(Hard Mode)

Click here to take the quiz!

General Stats

  • This quiz has been taken 9 times
  • The average score is 50 of 120

Answer Stats

行政区划代码行政区% Correct
331127景宁畲族自治县
88%
530126石林彝族自治县
75%
451031隆林各族自治县
63%
210423清原满族自治县
63%
522732三都水族自治县
63%
220721前郭尔罗斯蒙古族自治县
63%
220623长白朝鲜族自治县
63%
210921阜新蒙古族自治县
63%
210624宽甸满族自治县
63%
210521本溪满族自治县
63%
220323伊通满族自治县
63%
150723鄂伦春自治旗
63%
131028大厂回族自治县
63%
530129寻甸回族彝族自治县
50%
130826丰宁满族自治县
50%
500240石柱土家族自治县
50%
500241秀山土家族苗族自治县
50%
500242酉阳土家族苗族自治县
50%
500243彭水苗族土家族自治县
50%
510726北川羌族自治县
50%
511132峨边彝族自治县
50%
511133马边彝族自治县
50%
513422木里藏族自治县
50%
520622玉屏侗族自治县
50%
520425紫云苗族布依族自治县
50%
530721玉龙纳西族自治县
50%
622927积石山保安族东乡族撒拉族自治县
50%
622926东乡族自治县
50%
620924阿克塞哈萨克族自治县
50%
450328龙胜各族自治县
50%
620923肃北蒙古族自治县
50%
620721肃南裕固族自治县
50%
530128禄劝彝族苗族自治县
50%
130321青龙满族自治县
50%
520325道真仡佬族苗族自治县
50%
450226三江侗族自治县
50%
150722莫力达瓦达斡尔族自治旗
50%
211324喀喇沁左翼蒙古族自治县
50%
230624杜尔伯特蒙古族自治县
50%
450225融水苗族自治县
50%
420528长阳土家族自治县
50%
420529五峰土家族自治县
50%
430529城步苗族自治县
50%
431129江华瑶族自治县
50%
431227新晃侗族自治县
50%
431228芷江侗族自治县
50%
431229靖州苗族侗族自治县
50%
210422新宾满族自治县
50%
440232乳源瑶族自治县
50%
150724鄂温克族自治旗
50%
431230通道侗族自治县
50%
130930孟村回族自治县
50%
130828围场满族蒙古族自治县
50%
441826连南瑶族自治县
50%
210522桓仁满族自治县
50%
130827宽城满族自治县
50%
630222民和回族土族自治县
38%
533324贡山独龙族怒族自治县
38%
654022察布查尔锡伯自治县
38%
653131塔什库尔干塔吉克自治县
38%
530822墨江哈尼族自治县
38%
532532河口瑶族自治县
38%
652328木垒哈萨克自治县
38%
650521巴里坤哈萨克自治县
38%
630223互助土族自治县
38%
533325兰坪白族普米族自治县
38%
630121大通回族土族自治县
38%
620525张家川回族自治县
38%
632324河南蒙古族自治县
38%
632221门源回族自治县
38%
620623天祝藏族自治县
38%
630225循化撒拉族自治县
38%
533423维西傈僳族自治县
38%
210323岫岩满族自治县
38%
654226和布克赛尔蒙古自治县
38%
520625印江土家族苗族自治县
38%
451125罗城仫佬族自治县
38%
451126环江毛南族自治县
38%
451127巴马瑶族自治县
38%
451128都安瑶族自治县
38%
451129大化瑶族自治县
38%
451324金秀瑶族自治县
38%
469026昌江黎族自治县
38%
441825连山壮族瑶族自治县
38%
431226麻阳苗族自治县
38%
520326务川仡佬族苗族自治县
38%
520423镇宁布依族苗族自治县
38%
520424关岭布依族苗族自治县
38%
520526威宁彝族回族苗族自治县
38%
520628松桃苗族自治县
38%
520627沿河土家族自治县
38%
530426峨山彝族自治县
25%
469028陵水黎族自治县
25%
450332恭城瑶族自治县
25%
451123富川瑶族自治县
25%
652826焉耆回族自治县
25%
530428元江哈尼族彝族傣族自治县
25%
530724宁蒗彝族自治县
25%
530821宁洱哈尼族彝族自治县
25%
630224化隆回族自治县
25%
530823景东彝族自治县
25%
469025白沙黎族自治县
25%
530824景谷傣族彝族自治县
25%
469027乐东黎族自治县
25%
469029保亭黎族苗族自治县
25%
530927沧源佤族自治县
25%
469030琼中黎族苗族自治县
25%
530825镇沅彝族哈尼族拉祜族自治县
25%
530828澜沧拉祜族自治县
25%
530829西盟佤族自治县
25%
530427新平彝族傣族自治县
25%
532927巍山彝族回族自治县
25%
532926南涧彝族自治县
25%
532922漾濞彝族自治县
25%
532530金平苗族瑶族傣族自治县
25%
532523屏边苗族自治县
25%
530826江城哈尼族彝族自治县
13%
530827孟连傣族拉祜族佤族自治县
13%
530925双江拉祜族佤族布朗族傣族自治县
13%
530926耿马傣族佤族自治县
13%

Score Distribution

Percentile by Number Answered

Percent of People with Each Score

Your Score History

You have not taken this quiz